| 000 | 00755nam a22002177a 4500 | ||
|---|---|---|---|
| 003 | OSt | ||
| 005 | 20260310065059.0 | ||
| 008 | 260310b |||||||| |||| 00| 0 eng d | ||
| 020 | _a978-0-448-09528-8 | ||
| 040 |
_aDWC GS lib _cOC |
||
| 082 | _2K26c 1996 | ||
| 100 | _aCAROLYN KEENE | ||
| 245 |
_aThe clue of the black keys _cCAROLYN KEENE |
||
| 260 |
_aNew York _bGrosset & Dunlap _c1996 |
||
| 300 |
_avii, 174 pages; _billustrations _c19cm. |
||
| 520 | _a Nancy Drew mystery book where Nancy assists archaeologist Terry Scott in locating a missing professor (Dr. Pitt) and a buried treasure in Mexico. | ||
| 546 | _aEnglish | ||
| 650 | _2The Power of Hidden Truths | ||
| 650 | _2Perseverance Against Obstacles | ||
| 942 |
_2ddc _cFIC. _hFic. _n0 |
||
| 999 |
_c8871 _d8871 |
||